Parole de Libéré Délivré - Statistiques

Statistiques générales
  • Ce quiz a été pris 96 fois
  • Le résultat moyen est 159 sur 229
Statistiques - réponses
Réponse % Correct
ne
100%
de
99%
De
99%
la
97%
La
97%
là,
97%
97%
plus
97%
Plus
97%
à
96%
Le
96%
le
96%
délivrée.
94%
délivrée
94%
Me
94%
jamais
94%
Je
94%
je
94%
Libérée,
94%
me
94%
est
91%
m'en
91%
en
90%
dans
89%
ce
87%
son
87%
doucement
86%
mentirai
86%
moi
86%
pas
86%
Pas
86%
tour
86%
et
84%
Et
84%
L'hiver
84%
l'hiver
84%
liberté
84%
neige
84%
nuit
84%
pour
84%
Il
83%
J'ai
81%
qui
81%
s'installe
81%
vais
81%
Ma
80%
mon
80%
Mon
80%
prix
79%
froid
77%
C'est
76%
tes
76%
Un
76%
été
74%
pouvoir
74%
décidé,
73%
demain
73%
n'en
73%
pense
73%
vent
73%
hurle
71%
l'ai
71%
parle
71%
royaume
71%
sentiments
71%
solitude
71%
trop
71%
attention,
70%
bien
70%
bien,
70%
Fais
70%
reine
70%
survivra
70%
toujours
70%
vain
70%
Cache
69%
enfance
69%
laissé
69%
secret
69%
Perdu
66%
place
66%
fort
64%
pouvoirs,
64%
tourments
63%
d'âme,
61%
d'états
61%
luttée
57%
Les
53%
les
53%
des
51%
on
46%
Quand
46%
que
46%
mal,
44%
prend
41%
Tout
41%
hauteur
40%
pis
40%
pis!
40%
suis
40%
tant
40%
Tant
40%
cette
39%
dis
39%
faire
39%
insignifiant
39%
m'ont
39%
peur
39%
semble
39%
veux
39%
voir
39%
depuis
37%
l'angoisse,
37%
peux
37%
quitté
37%
tristesse,
37%
longtemps
36%
magie
36%
pleine
34%
glace
31%
mystère
31%
du
30%
bras
29%
passé
29%
passé!
29%
envahi
27%
Non,
27%
Oui,
27%
tendent
27%
Perdue
26%
comme
24%
étoiles
24%
l'espace
24%
voilà
23%
mes
21%
parfaite
21%
pleure
21%
princesse
21%
rêvé
21%
vient
21%
âme
20%
ciel
20%
rien
20%
reviendrai
19%
Désormais
17%
fleurs
17%
sculptant
16%
sont
16%
dessinant
14%
m'arrête
14%
pensées
14%
s'exprime
14%
gelées
11%
cristals
10%
Aucun quiz correspondant
Distribution des résultats
% des personnes avec chaque résultat
Percentile par nombre de réponses
Votre historique - résultats
Vous n’avez pas pris ce quiz